header

Irenaeus of Lyons (Record no. 4806)

MARC details
000 -LEADER
fixed length control field 01176nam a22003014a 4500
082 04 - DEWEY DECIMAL CLASSIFICATION NUMBER
Classification number 270.1/092
-- B
100 1# - MAIN ENTRY--AUTHOR NAME
Personal name Osborn, Eric Francis.
245 10 - TITLE STATEMENT
Title Irenaeus of Lyons
260 ## - PUBLICATION, DISTRIBUTION, ETC. (IMPRINT)
Place of publication Cambridge ;
-- New York :
Name of publisher Cambridge University Press,
Year of publication 2001.
300 ## - PHYSICAL DESCRIPTION
Number of Pages xviii, 307 p.
650 #0 - SUBJECT ADDED ENTRY--TOPICAL TERM
Topical Term Christian saints
856 40 - ELECTRONIC LOCATION AND ACCESS
Uniform Resource Identifier http://site.ebrary.com/lib/rucke/Doc?id=10001872

No items available.

© 2026 Rongo University
Contact us: librarian | system librarian | Rongo university